000 00363nam a2200145 i 4500
001 bg
245 0 _aElektroniczna maszyna cyfrowa ODRA 1304 :
_boprogramowanie, programowanie liniowe.
250 _aWyd.2.
260 _aWrocław,
_c1974.
040 _cBPK
041 _apol
080 _a681.322.06
942 _cKS
008 s pl f |000 0 pol
999 _c18209
_d18209
856 _uhttp://koha.tu.koszalin.pl/cgi-bin/koha/opac-detail.pl?biblionumber=18209
_yKatalog online BPK